| 000 | 00369nam a2200133Ia 4500 | ||
|---|---|---|---|
| 008 | 100415s9999 xx 000 0 und d | ||
| 082 | _b16824 | ||
| 245 | _aKew Bulletin: 002747 - 1909: - vol.45, 1990 | ||
| 260 | _c0 | ||
| 365 | _b0 | ||
| 630 | _aKew Bulletin: 002747 - 1909: - vol.45, 1990 | ||
| 730 | _aKew Bulletin: 002747 - 1909: - vol.45, 1990 | ||
| 942 | _cBOOK | ||
| 999 |
_c599722 _d599719 |
||